00545cam a22002171 4500001001300000003000400013005001700017008004100034010001700075035002000092040001800112042001200130050002100142100003000163245002500193260001100218300001900229500001600248504004600264999001700310sa 68002234 DLC20260227112441.0900108s1966 ii b 000 0 beno  asa 68002234  a(OCoLC)20860700 aDLCcWaUdDLC apremarc00aPK1718.M47bS2821 aMitra, Bimal,d1912-1991.10aSāhitya-bicitrā. c[1966] a639 p.c23 cm. aIn Bengali. aList of the author's works: p. [633]-639. c78549d78549